| 000 | 00569nam a22002057a 4500 | ||
|---|---|---|---|
| 001 | 40138 | ||
| 003 | BD-RjUL | ||
| 005 | 20211209053138.0 | ||
| 008 | 160621s1948 pk ||||| |||| 00| 0 eng d | ||
| 035 | _a(BD-RjUL)40253 | ||
| 040 |
_aBD-RjUL _beng _cBD-RjUL |
||
| 041 | _aeng | ||
| 082 |
_223 _a370.95491 _bHAE 1948 |
||
| 100 |
_aHasan, Malik Zafrul _9123592 |
||
| 245 | 1 | 0 |
_aEducating Pakistan / _cby Malik Zafrul Hasan |
| 260 |
_aLahore : _bSh. Muhammad Ashraf, _c1948. |
||
| 300 |
_a[16], 84 P. ; _c18 cm. |
||
| 650 |
_aEducation _zPakistan _9129101 |
||
| 942 |
_2ddc _cBK |
||
| 999 |
_c40138 _d40138 |
||